| 000 | 01011nam a2200265Ia 4500 | ||
|---|---|---|---|
| 003 | OSt | ||
| 005 | 20221005111421.0 | ||
| 006 | a|||||r|||| 00| 0 | ||
| 007 | ta | ||
| 008 | 221004b |||||||| |||| 00| 0 hin d | ||
| 020 | _c100 | ||
| 024 | _a98271 | ||
| 037 |
_b564, 15/03/2009, Vani Prakashan _cTextual |
||
| 040 |
_aCRL _cCRL _bhin |
||
| 041 |
_2hin _ahin |
||
| 082 | _aO142,6M96x, 152P1 | ||
| 100 |
_aज्दानोव, ए. ए. _9162481 |
||
| 245 | 0 | _aसाहित्य, संगीत और दर्शन | |
| 246 | _aSāhitya, sangīt aur darshana | ||
| 260 |
_aनई दिल्ली _bवाणी प्रकाशन भारत _c2001 |
||
| 300 |
_a92पृ0 _ccm. |
||
| 700 |
_a चौहान, कर्ण सिंह, संपा. _9156915 |
||
| 942 |
_hO142,6M96x, 152P1 _cTEXL _2cc |
||
| 999 |
_c1021791 _d1021791 |
||